000
00217 a2200097 4500
001
42861
100
_a
Salunke SP
245
_a
Pakistan powers in India
260
_a
New Delhi
_b
Vikas pubs
_c
090
_c
26750
_d
26750
942
_a
NUST-CAE
_c
M
_c
18614
999
_c
277934
_d
277934